Duel in the Holy Land /

محفوظ في:

المؤلف الرئيسي: Muʼawwad, A. (مؤلف)

التنسيق: كتاب

اللغة: English

منشور في: Cairo : Arab Publishers of World Cultur, 1960.

الموضوعات:

الوسوم: إضافة وسم

لا توجد وسوم, كن أول من يضع وسما على هذه التسجيلة!

رقم الطلب: DS119.7 .M89 1960

LEADER 00784namaa2200241 4500
001 12892
003 OSt
005 20241027074319.0
008 130303s1960 ua 000 0 eng d
952 |0 0  |1 0  |2 lcc  |4 0  |6 DS01197 M89 01960  |7 1  |9 12242  |a ARCE  |b ARCE  |d 2021-05-10  |l 0  |o DS119.7 .M89 1960  |p 1022170  |r 2021-05-10 00:00:00  |w 2021-05-10  |y BK 
999 |c 11456  |d 11456 
040 |c ARCE Library 
043 |a awba---  |a awgz--- 
050 4 |a DS119.7 .M89 1960 
100 1 |a Muʼawwad, A.  |e author 
245 1 0 |a Duel in the Holy Land /  |c by A. Moawad. 
264 1 |a Cairo :  |b Arab Publishers of World Cultur,  |c 1960. 
300 |a 252 pages ;  |c 17 cm. 
650 0 |a Arab-Israeli conflict. 
650 0 |a Zionism. 
651 0 |a Palestine  |x Politics and government  |y 1948-  
901 |a reviewed 
942 |c BK  |2 lcc